| 000 | 04437njm a2200577Ia 4500 | ||
|---|---|---|---|
| 001 | 40057 | ||
| 003 | IT-RoPAU | ||
| 005 | 20220918181120.0 | ||
| 008 | 131025s9999 xx 000 0 und d | ||
| 040 | _aIT-RoPAU | ||
| 040 | _cIT-RoPAU | ||
| 041 | _aITALIANO | ||
| 999 |
_c99723 _d99723 |
||
| 999 | _bn.d. | ||
| 100 |
_aAA.VV. _9794 |
||
| 100 |
_eAutore musica _920608 |
||
| 100 |
_gCodice autore musica SPICS: 12000 _9796 |
||
| 245 | _aRomanze indimenticabili, vol. 02 | ||
| 250 | _a1a ed. | ||
| 260 | _aITALIA | ||
| 260 |
_bSELEZIONE _c1972 [1a Ed.:1972] |
||
| 300 | _aDISCO | ||
| 500 | _aMusica classica. Musica operistica. Musica lirica. Celebri romanze Tratte da opere liriche famose | ||
| 505 | _aLargo al factotum (da "Il Barbiere di Siviglia") - Che gelida manina (da "La Boheme") - Sì, mi chiamano Mimì (da "La Boheme") - Un bel dì vedremo (da "Madama Butterfly") - Celeste Aida (da "Aida") - La donna è mobile (da "Rigoletto") - Vissi d'arte (da "Tosca") - Valzer di Musetta (da "La Boheme") - O tu, bell'astro (da "Tannhauser") - Habanera (da "Carmen") - E lucevan le stelle (da "Tosca") - Aria delle campanelle (da "Lakmé") | ||
| 511 | _aOrchestra del Teatro Metropolitan di New York diretta da Leinsdorf Erich | ||
| 511 | _aOrchestra del Teatro dell'Opera di Roma diretta da Leinsdorf Erich | ||
| 511 | _aOrchestra della Rca Italiana diretta da Leinsdorf Erich | ||
| 511 | _aLondon Symphony Orchestra diretta da Leinsdorf Erich | ||
| 511 | _aOrchestra della Rca Italiana diretta da Solti Georg | ||
| 511 | _aOrchestra del Teatro dell'Opera di Roma diretta da De Fabritiis Olivier | ||
| 511 | _aOrchestra e Coro del Teatro dell'Opera di Roma diretti da Leinsdorf Erich | ||
| 511 | _aNew Philharmonia Orchestra diretta da Guadagno Anton | ||
| 511 | _aOrchestra Filarmonica di Vienna e Coro diretta da Von Karajan Herbert | ||
| 511 | _aOrchestra del Teatro dell'Opera di Roma diretta da Serafin Tullio | ||
| 650 |
_aOPERA [DISCHI] _eCodice MATERIA SPICS: 9950 _9961 |
||
| 700 |
_aRossini Gioachino _dCodice autore musica SPICS: 11125 _eAutore musica _pLargo al factotum (da "Il Barbiere di Siviglia") _920609 |
||
| 700 |
_aSterbini Cesare _dCodice autore testo SPICS: 23065 _eAutore testo _pLargo al factotum (da "Il Barbiere di Siviglia") _920610 |
||
| 700 |
_aPuccini Giacomo _dCodice autore musica SPICS: 11082 _eAutore musica _pChe gelida manina (da "La Boheme") - Sì, mi chiamano Mimì (da "La Boheme") - Un bel dì vedremo (da "Madama Butterfly") - Vissi d'arte (da "Tosca") - Valzer di Musetta (da "La Boheme") - E lucevan le stelle (da "Tosca") _920611 |
||
| 700 |
_aIllica Luigi _dCodice autore testo SPICS: 16756 _eAutore testo _pChe gelida manina (da "La Boheme") - Sì, mi chiamano Mimì (da "La Boheme") - Un bel dì vedremo (da "Madama Butterfly") - Vissi d'arte (da "Tosca") - Valzer di Musetta (da "La Boheme") - E lucevan le stelle (da "Tosca") _920612 |
||
| 700 |
_aGiacosa Giuseppe _dCodice autore testo SPICS: 16757 _eAutore testo _pChe gelida manina (da "La Boheme") - Sì, mi chiamano Mimì (da "La Boheme") - Un bel dì vedremo (da "Madama Butterfly") - Vissi d'arte (da "Tosca") - Valzer di Musetta (da "La Boheme") - E lucevan le stelle (da "Tosca") _920613 |
||
| 700 |
_aVerdi Giuseppe _dCodice autore musica SPICS: 89 _eAutore musica _pCeleste Aida (da "Aida") - La donna è mobile (da "Rigoletto") _920614 |
||
| 700 |
_aGhislanzoni Antonio _dCodice autore testo SPICS: 11798 _eAutore testo _pCeleste Aida (da "Aida") _920615 |
||
| 700 |
_aPiave Francesco Maria _dCodice autore testo SPICS: 12281 _eAutore testo _pLa donna è mobile (da "Rigoletto") _920616 |
||
| 700 |
_aWagner Richard _dCodice autore testo/musica SPICS: 563 _eAutore testo/musica _pO tu, bell'astro (da "Tannhauser") _920617 |
||
| 700 |
_aBizet Georges _dCodice autore musica SPICS: 10724 _eAutore musica _pHabanera (da "Carmen") _920618 |
||
| 700 |
_aMeilhac Henry _dCodice autore SPICS: 16867 _eAutore _pHabanera (da "Carmen") _920619 |
||
| 700 |
_aHalevy Ludovic _dCodice autore testo SPICS: 16868 _eAutore testo _pHabanera (da "Carmen") _920620 |
||
| 700 |
_aDelibes Leo _dCodice autore musica SPICS: 7951 _eAutore musica _pAria delle campanelle (da "Lakmé") _920621 |
||
| 700 |
_aGondinet _dCodice autore SPICS: 28544 _eAutore _pAria delle campanelle (da "Lakmé") _920622 |
||
| 700 |
_aGille _dCodice autore testo/musica SPICS: 28545 _eCodice autore testo/musica SPICS: 28545 _pAria delle campanelle (da "Lakmé") _920623 |
||
| 942 |
_cMD _2ddc |
||